000
00354nam a2200157Ia 4500
003
0STCL
008
150530s9999 xx 000 0 und d
040
_a
STCL
_c
STCL
100
_a
Fry
245
_a
Christopher Fry threeplays
260
_b
Oxford university
_c
1960
546
_a
English
942
_2
ddc
_c
BK
999
_c
56034
_d
56034
005
20220125171002.0